| 000 | 00678naa a22002417a 4500 | ||
|---|---|---|---|
| 001 | BR8706867 | ||
| 003 | BR-BrBNA | ||
| 005 | 20250721154529.0 | ||
| 007 | ta | ||
| 008 | 250630b bl.|||m| |||| 00| 0 por d | ||
| 040 |
_aBR-BrBNA _bpor _cBiblioteca Nacional de Agricultura |
||
| 041 | _a(Pt) | ||
| 072 | _aP06 | ||
| 090 | _aP06 BR8706867 | ||
| 100 | 1 | _aAnon. | |
| 245 | 1 | _aA importancia do sol | |
| 500 | _aO sol nosso de cada dia Rio de Janeiro, RJ (Brasil): 1979. p. 4-5 (BR8706867-AMS) | ||
| 650 | _aENERGIA SOLAR | ||
| 650 | _aRADIACAO SOLAR | ||
| 490 |
_aCada Cabeca e um Mundo (Brazil) _vno. 7 |
||
| 942 |
_cAMS _2AGRIS |
||
| 909 |
_a202506 _bLúcia _c55 _dLúcia Elande |
||
| 999 |
_c335418 _d335418 |
||